Programy zaměstnanosti na trhu práce členských zemí OECD
Boj s nezamestnanosťou patrí už dlhé roky k problémom, s ktorým sa zaoberajú jednotlivé štáty a medzinárodné organizácie. Miera nezamestnanosti v jednotlivých krajinách OECD. Výdavky na aktívnu politiku zamestnanosti. Účinnosť niektorých programov a opatrení v sledovaných krajinách. Poradenstvo a sp...
Na minha lista:
| Autor principal: | |
|---|---|
| Formato: | Capítulo de Livro |
| Idioma: | tcheco |
| Assuntos: | |
| Tags: |
Sem tags, seja o primeiro a adicionar uma tag!
|
MARC
| LEADER | 00000naa a2200000 4500 | ||
|---|---|---|---|
| 001 | r023151 | ||
| 005 | 20230913070201.5 | ||
| 041 | 0 | |a cze | |
| 044 | |a CZ | ||
| 245 | 1 | 0 | |a Programy zaměstnanosti na trhu práce členských zemí OECD |c S. Beneš |
| 520 | |a Boj s nezamestnanosťou patrí už dlhé roky k problémom, s ktorým sa zaoberajú jednotlivé štáty a medzinárodné organizácie. Miera nezamestnanosti v jednotlivých krajinách OECD. Výdavky na aktívnu politiku zamestnanosti. Účinnosť niektorých programov a opatrení v sledovaných krajinách. Poradenstvo a sprostredkovanie zamestnanosti. Podporovanie zamestnanosti prostredníctvom verejnoprospešných prác. | ||
| 610 | 2 | 0 | |a zamestnanosť |
| 610 | 2 | 0 | |a trh práce |
| 610 | 2 | 0 | |a miera nezamestnanosti |
| 610 | 2 | 0 | |a OECD |
| 610 | 2 | 0 | |a nezamestnanosť |
| 610 | 2 | 0 | |a politika zamestnanosti |
| 100 | 1 | |a Beneš, S. | |